MARC

LEADER 00000nam0a2200000 4500
001 357462
005 20231102011008.0
035 |a (RuTPU)RU\TPU\retro\14730 
090 |a 357462 
100 |a 20200805d1973 km y0rusy50 ca 
101 0 |a rus 
102 |a RU 
105 |a a z 001zy 
200 1 |a Бирма: Идеалогия и политика  |f А. С. Кауфман  |g Академия наук СССР, Институт востоковедения 
210 |a Москва  |c Наука  |d 1973 
215 |a 396 с.  |c ил. 
320 |a Библиогр.: с. 384-391 
320 |a Указ. имен: с. 392-394 
606 1 |a Азиатские зарубежные государства  |x Политическое положение  |2 stltpush  |3 (RuTPU)RU\TPU\subj\1571  |9 30328 
610 1 |a Бирма 
610 1 |a идеология 
610 1 |a политика 
610 1 |a национально-освободительное движение 
610 1 |a социалистические течения 
610 1 |a крестьянское движение 
610 1 |a антифашистское движение 
610 1 |a экономическое положение 
610 1 |a некапиталистический путь развития 
686 |a Ф2(5)  |v LBC/SL-A  |2 rubbk 
700 1 |a Кауфман  |b А. С.  |g Аркадий Семенович 
712 0 2 |a Академия наук СССР  |b Институт востоковедения  |c (Москва)  |2 stltpush  |3 (RuTPU)RU\TPU\col\11263  |9 25002 
801 1 |a RU  |b 63413507  |c 20200805 
801 2 |a RU  |b 63413507  |c 20210324  |g RCR 
942 |c BK